| 000 | 00799nam a22002177a 4500 | ||
|---|---|---|---|
| 999 |
_c2967 _d2967 |
||
| 003 | AR-CdUCM | ||
| 008 | 190305b ||||| |||| 00| 0 spa d | ||
| 040 |
_aMUNICIPALIDAD PROVINCIAL DEL CUSCO _cBIBLIOTECA MUNICIPAL DEL CUSCO |
||
| 082 |
_a869.56 / _bC77 |
||
| 100 |
_aCornejo Bouroncle, Luis Enrique _910149 |
||
| 245 | _aMesa, Vinos, Carnavales y Terremotos / | ||
| 260 |
_aPerú : _c1990. |
||
| 300 |
_a81 Páginas ; _bfotografia, _c21 cm. |
||
| 505 | _aContenido: Mesa, vinos, carnavales y terremotos -- Los carnavales de Arequipa -- Puchero Arequipeño -- Flora Tristán -- El pitazo de la locomotora de vapor... | ||
| 650 |
_aHistoria arequipeña _910150 |
||
| 650 |
_aCarnavales _910151 |
||
| 650 |
_aTerremoto _910152 |
||
| 650 |
_aNarrativa _967 |
||
| 942 |
_2ddc _cLIBROS |
||
| 945 | _adavv | ||